| 000 | 00497nam a2200205Ia 4500 | ||
|---|---|---|---|
| 999 |
_c16222 _d16222 |
||
| 003 | 0100 | ||
| 005 | 20190702123824.0 | ||
| 008 | 130303s9999 xx 000 0 und d | ||
| 020 | _a133279588 | ||
| 040 | _cARRUPELIB | ||
| 050 | _aHC59.7.H2991996 | ||
| 100 |
_aHandelman, Howard, 1943- _917285 |
||
| 245 | 4 | _aThe challenge of Third World development | |
| 260 |
_aUpper Saddle River _bPrentice-Hall _c1996 |
||
| 300 | _axiii | ||
| 300 | _b 273p. 23cm. | ||
| 650 |
_aEconomic development _99273 |
||
| 700 |
_aHoward Handelman _946786 |
||
| 942 | 0 | 0 |
_01 _2lcc _cMONOGRAPH |